000 00644nam a2200241Ia 4500
003 OSt
005 20221005060512.0
006 a|||||r|||| 00| 0
007 ta
008 221004b |||||||| |||| 00| 0 eng d
020 _a7100 6596 5
024 _a46923
037 _cTextual
040 _aCRL
_cCRL
_beng
041 _2eng
_aeng
082 _aO111,3L07:g, L0
245 0 _aCriticism of Henry Fielding edited by Ioan Williams
260 _aLondon
_bRoutledge and Kegan Paul
_c1970
300 _a377 p.
_ccm.
650 _aENGLISH LITERATURE
942 _hO111,3L07:g, L0
_cTEXL
_2cc
999 _c966796
_d966796